000 00228cam a22000857a 4500
008 180718b xxu||||| |||| 00| 0 eng d
082 _aT31 Wn3i
245 _aImpact of multinational corporation on Development Countries
260 _a
_b
_c
999 _c476048
_d476048